00726nam a2200217 a 450000500170000000800410001704000250005804100080008304400070009110000270009824501320012526000260025730000070028365000280029065000360031865000170035465000440037165000410041566200240045670000280048020200104041530.0140304b1997 ve ||||| |||| 00| 0 spa d aCO-BoIAVHcCO-BoIAVH aspa ave aArteaga P., Alfredo A. aDiagnóstico y definición de prioridades para la conservación y manejo de la biodiversidad en la ecoregión de los llanos aCaracasbFUDENAc1997 a30 aManejo de biodiversidad aConservación de biodiversidad aEcorregiones aEspecies prioritarias de conservación aAreas prioritarias de conservación aColombiacOrinoquia aHerrera C., Ana María